Nomadic Gadulia Lohar of Eastern Rajasthan (Record no. 17459)
[ view plain ]
| 000 -LEADER | |
|---|---|
| fixed length control field | 00527nam a2200145Ia 4500 |
| 082 ## - DEWEY DECIMAL CLASSIFICATION NUMBER | |
| Classification number | 305.80095475 MIS-; |
| 100 ## - MAIN ENTRY--AUTHOR NAME | |
| Personal name | Misra, Promode Kumar |
| 245 #0 - TITLE STATEMENT | |
| Title | Nomadic Gadulia Lohar of Eastern Rajasthan |
| 260 ## - PUBLICATION, DISTRIBUTION, ETC. (IMPRINT) | |
| Place of publication | Calcutta |
| Name of publisher | Anthropological Survey of India |
| Year of publication | 1977 |
| 300 ## - PHYSICAL DESCRIPTION | |
| Number of Pages | 210p. |
| 650 ## - SUBJECT ADDED ENTRY--TOPICAL TERM | |
| Topical Term | Social structure - Rajasthan, Eastern |
| 650 ## - SUBJECT ADDED ENTRY--TOPICAL TERM | |
| Topical Term | Ethnology - Rajasthan, Eastern - Gadulia Lohars - Rajasthan, Eastern |
| 650 ## - SUBJECT ADDED ENTRY--TOPICAL TERM | |
| Topical Term | Rajasthan, Eastern - Ethnic relatives - Gadulia Lohars - Social life and customs |
| 942 ## - ADDED ENTRY ELEMENTS (KOHA) | |
| Koha item type | Books |
| Withdrawn status | Lost status | Damaged status | Not for loan | Home library | Current library | Date acquired | Bill Date | Full call number | Accession Number | Price effective from | Koha item type |
|---|---|---|---|---|---|---|---|---|---|---|---|
| NASSDOC Library | NASSDOC Library | 08/06/2004 | 2004-10-22 | 305.80095475 MIS-; | 18349 | 18/04/2019 | Books |
